000 00726nam a22002057a 4500
999 _c12004
_d12004
003 AR-CdUCM
008 190405b ||||| |||| 00| 0 spa d
040 _aMUNICIPALIDAD PROVINCIAL DEL CUSCO
_cBIBLIOTECA MUNICIPAL DEL CUSCO
082 _a838.917 /
_bZ98 /
100 _aZweig, Stefan
_910851
245 _aMomentos estelares de la humanidad /
260 _aBuenos Aires :
_bLas grandes obras,
300 _a170 páginas ;
_c19 cm.
440 _aLas grandes obras
_925826
505 _aEl mariscal Grouchy -- Aquella noche en Caillu -- Waterloo de mañana -- Instante de la historia del mundo...
650 _aLiteratura.
_983
650 _aNovela Argentina.
_99108
942 _2ddc
_cLIBROS
945 _awfj
_d2019-04-05